| 000 | 00497nam a22001935a 4500 | ||
|---|---|---|---|
| 001 | 001420966 | ||
| 003 | AR-RoUNCS | ||
| 005 | 20251103104338.0 | ||
| 008 | 171115s1985 sp r spa | ||
| 020 | _a84-270-0945-3 | ||
| 040 |
_aAR-BaBN _bspa _cAR-RoUNCS _eaacr |
||
| 080 | _051-8 | ||
| 100 | 1 | _aVives, P. | |
| 245 | 1 | 0 |
_aJuegos de ingenio / _bP. Vives. |
| 260 |
_aBarcelona : _bMartínez Roca, _c1985. |
||
| 300 |
_a184 p. ; _c20 cm. |
||
| 650 | 4 | _aMATEMÁTICAS RECREATIVAS | |
| 942 |
_2udc _cOG |
||
| 999 |
_c674 _d674 |
||